Dynamical systems on surfaces
-д хадгалсан:
| Үндсэн зохиолч: | |
|---|---|
| Формат: | Ном |
| Хэл сонгох: | англи |
| Хэвлэсэн: |
Berlín
Springer-Verlag
1983
|
| Цуврал: | Universitext
|
| Нөхцлүүд: | |
| Шошгууд: |
Шошго нэмэх
Шошго байхгүй, Энэхүү баримтыг шошголох эхний хүн болох!
|
MARC
| LEADER | 00000nam a2200000 a 4500 | ||
|---|---|---|---|
| 001 | UCP2615 | ||
| 003 | CL-VaPUC | ||
| 008 | 990520e19830000GW |||||||||||||||||eng|d | ||
| 082 | 0 | 4 | |a 516.362 |b GOD |2 21 |
| 100 | |a Godbillon, Claude |e author |9 431167 | ||
| 245 | 1 | 0 | |a Dynamical systems on surfaces |
| 300 | |a 201 p | ||
| 942 | |c BK | ||
| 945 | |d 19990520 00:00:00 |a crobeson | ||
| 260 | |a Berlín |b Springer-Verlag |c 1983 | ||
| 650 | 7 | |a GEOMETRIA DIFERENCIAL GLOBAL |2 CL-VaPUC |9 429488 | |
| 650 | 7 | |a GEOMETRIA INTEGRAL |2 CL-VaPUC |9 423577 | |
| 650 | 7 | |a SISTEMAS DINAMICOS DIFERENCIABLES |2 CL-VaPUC |9 424135 | |
| 650 | 7 | |a FOLIACIONES |2 CL-VaPUC |9 429489 | |
| 583 | |a last modification |c 19990520 00:00:00 |k Rodrigo Vera | ||
| 490 | 0 | |a Universitext | |
| 999 | |c 281127 |d 281125 | ||
| 952 | |0 0 |1 0 |4 0 |6 516_362000000000000_GOD_1983 |7 0 |8 A |9 321792 |a BIBMAT |b BIBMAT |d 2019-11-20 |i 1346172 |o 516.362 GOD 1983 |p 1346172 |r 2025-01-07 |w 2019-11-20 |y BK |k MAT | ||